<?xml version="1.0" encoding="UTF-8"?>
<collection xmlns="http://www.loc.gov/MARC21/slim">
 <record>
  <leader>01640naa a2200349   4500</leader>
  <controlfield tag="001">1855085046</controlfield>
  <controlfield tag="003">DE-627</controlfield>
  <controlfield tag="005">20230810090737.0</controlfield>
  <controlfield tag="007">cr uuu---uuuuu</controlfield>
  <controlfield tag="008">230810s2009    xx |||||oo    00| ||ger c</controlfield>
  <datafield tag="035" ind1=" " ind2=" ">
   <subfield code="a">(DE-627)1855085046</subfield>
  </datafield>
  <datafield tag="035" ind1=" " ind2=" ">
   <subfield code="a">(DE-599)KXP1855085046</subfield>
  </datafield>
  <datafield tag="040" ind1=" " ind2=" ">
   <subfield code="a">DE-627</subfield>
   <subfield code="b">ger</subfield>
   <subfield code="c">DE-627</subfield>
   <subfield code="e">rda</subfield>
  </datafield>
  <datafield tag="041" ind1=" " ind2=" ">
   <subfield code="a">ger</subfield>
  </datafield>
  <datafield tag="084" ind1=" " ind2=" ">
   <subfield code="a">KUNST</subfield>
   <subfield code="q">DE-16</subfield>
   <subfield code="2">fid</subfield>
  </datafield>
  <datafield tag="100" ind1="1" ind2=" ">
   <subfield code="a">Köhring, Alexandra</subfield>
   <subfield code="d">1970-</subfield>
   <subfield code="e">VerfasserIn</subfield>
   <subfield code="0">(DE-588)1013319656</subfield>
   <subfield code="0">(DE-627)664155235</subfield>
   <subfield code="0">(DE-576)183351754</subfield>
   <subfield code="4">aut</subfield>
  </datafield>
  <datafield tag="245" ind1="1" ind2="0">
   <subfield code="a">[Rezension von: Margareta Tillberg, Zwetnaja wselennaja: Michail Matjuschin ob iskusstwe i srenii]</subfield>
   <subfield code="c">rezensiert von Alexandra Köhring, Monika Wucher</subfield>
  </datafield>
  <datafield tag="264" ind1=" " ind2="1">
   <subfield code="c">29.09.2009</subfield>
  </datafield>
  <datafield tag="336" ind1=" " ind2=" ">
   <subfield code="a">Text</subfield>
   <subfield code="b">txt</subfield>
   <subfield code="2">rdacontent</subfield>
  </datafield>
  <datafield tag="337" ind1=" " ind2=" ">
   <subfield code="a">Computermedien</subfield>
   <subfield code="b">c</subfield>
   <subfield code="2">rdamedia</subfield>
  </datafield>
  <datafield tag="338" ind1=" " ind2=" ">
   <subfield code="a">Online-Ressource</subfield>
   <subfield code="b">cr</subfield>
   <subfield code="2">rdacarrier</subfield>
  </datafield>
  <datafield tag="655" ind1=" " ind2="7">
   <subfield code="a">Rezension</subfield>
   <subfield code="0">(DE-588)4049712-4</subfield>
   <subfield code="0">(DE-627)106186019</subfield>
   <subfield code="0">(DE-576)209083166</subfield>
   <subfield code="2">gnd-content</subfield>
  </datafield>
  <datafield tag="700" ind1="1" ind2=" ">
   <subfield code="a">Wucher, Monika</subfield>
   <subfield code="e">VerfasserIn</subfield>
   <subfield code="4">aut</subfield>
  </datafield>
  <datafield tag="773" ind1="0" ind2="8">
   <subfield code="i">Enthalten in</subfield>
   <subfield code="t">ArtHist.net</subfield>
   <subfield code="d">[Berlin] : arthist e.V., 2001</subfield>
   <subfield code="g">(2009) vom: 29. Sept.</subfield>
   <subfield code="h">Online-Ressource</subfield>
   <subfield code="w">(DE-627)777783886</subfield>
   <subfield code="w">(DE-600)2755110-6</subfield>
   <subfield code="w">(DE-576)40053021X</subfield>
   <subfield code="x">2750-5685</subfield>
   <subfield code="7">nnns</subfield>
  </datafield>
  <datafield tag="773" ind1="1" ind2="8">
   <subfield code="g">year:2009</subfield>
   <subfield code="g">day:29</subfield>
   <subfield code="g">month:09</subfield>
  </datafield>
  <datafield tag="787" ind1="0" ind2="8">
   <subfield code="i">Rezension von</subfield>
   <subfield code="a">Tillberg, Margareta, 19XX - </subfield>
   <subfield code="t">Tvsetnaia vselennaia</subfield>
   <subfield code="d">Moskva : Novoe literaturnoe obozrenie, 2008</subfield>
   <subfield code="h">511 S.</subfield>
   <subfield code="w">(DE-627)869206346</subfield>
   <subfield code="w">(DE-576)9869206344</subfield>
   <subfield code="z">9785867936006</subfield>
  </datafield>
  <datafield tag="856" ind1="4" ind2="0">
   <subfield code="u">https://arthist.net/reviews/31846</subfield>
   <subfield code="x">Verlag</subfield>
   <subfield code="z">kostenfrei</subfield>
   <subfield code="3">Volltext</subfield>
  </datafield>
  <datafield tag="936" ind1="u" ind2="w">
   <subfield code="j">2009</subfield>
   <subfield code="b">29</subfield>
   <subfield code="c">9</subfield>
  </datafield>
  <datafield tag="951" ind1=" " ind2=" ">
   <subfield code="a">AR</subfield>
  </datafield>
  <datafield tag="994" ind1=" " ind2=" ">
   <subfield code="u">https://arthist.net/reviews/31846</subfield>
  </datafield>
  <datafield tag="991" ind1=" " ind2=" ">
   <subfield code="a">Rezension (Monographie, Zeitschrift, Aufsatz)</subfield>
  </datafield>
  <datafield tag="999" ind1=" " ind2=" ">
   <subfield code="a">KXP-PPN1855085046</subfield>
   <subfield code="e">4396490860</subfield>
  </datafield>
 </record>
</collection>
